Capullito 0 : (Registro nro. 8026)

Detalles MARC
000 -LIDER
fixed length control field 01298nam a2200325 a 4500
001 - NÚMERO DE CONTROL
Identificador de número de control 000013148
003 - IDENTIFICACDOR DE NÚMERO DE CONTROL
control field DO-SdBNP
005 - DATE AND TIME OF LATEST TRANSACTION
control field 20180307131648.0
007 - CAMPOS FIJOS DE DESCRIPCIÓN FÍSICA
fixed length control field 000013148
008 - ELEMENTOS DE LONGITUD FIJA
fixed length control field 091120s2014 dr a 000 0 spa d
020 ## - ISBN
International Standard Book Number 9945495496
040 ## - FUENTE DE CATALOGACIÓN
Agencia que crea de manera original el registro BPMSU
Idioma de catalogación spa
Agencia que realiza la transcripción BPMSU
092 ## - LOCALLY ASSIGNED DEWEY DECIMAL CALL NUMBER
Número de clasificación xxxx
Número de ítem (Cutter) xxxx
100 1# - ASIENTO PRINCIPAL -- NOMBRE PERSONAL
Nombre personal Cuello del Orbe, Elisa Ysabel
245 10 - MENCIÓN DE TITULO
Título Capullito 0 :
Subtítulo nivel inicial /
Mención de responsabilidad Elisa Ysabel Cuello del Orbe ; revisado y actualizado Adalgisa Veles ; ilustraciones Ramón L. Sandoval.
250 ## - MENCIÓN DE EDICION
Mención de edición 6a. ed. rev. y act.
260 ## - PUBLICACIÓN, DISTRIBUCIÓN, ETC. (PIE DE IMPRENTA)
Lugar de publicación, distribución, etc Santo Domingo :
Nombre del editor, distribuidor, etc. Actualidad escolar 2000,
Fecha de publicación, distribución, etc 2014.
300 ## - DESCRIPCIÓN FÍSICA
Extensión 164 p. :
Otros detalles físicos il. ;
Dimensiones 22 cm.
490 1# - MENCIÓN DE SERIES
Mención de serie Araya
500 ## - NOTA GENERAL
Nota general Incluye el libro del maestro<br/>
500 ## - NOTA GENERAL
Nota general Este libro ha sido realizado de acuerdo al curriculum vigente y ha sido sometido a la evaluación y aprobación de la MINERD,(Ministerio de Educación República Dominicana).
505 ## - NOTA DE CONTENIDO
Información miscelánea v. 0
Título El primer día de clases --
-- Ricitos de oro --
-- La fiesta en el jardín --
-- Patito feo --
700 1# - ASIENTO SECUNDARIO -- NOMBRE PERSONAL
Nombre personal Veles, Adalgisa,
700 12 - ASIENTO SECUNDARIO -- NOMBRE PERSONAL
Nombre personal Sandoval, Ramón L.,
Término de relación il.
830 #0 - ASIENTO SECUNDARIO DE SERIE--TÍTULO UNIFORME
Título uniforme Araya
942 ## - ADDED ENTRY ELEMENTS (KOHA)
Source of classification or shelving scheme Dewey Decimal Classification
Koha item type Libros
945 ## - INFORMACIÓN DE PROCESAMIENTO LOCAL
Información de procesamiento local Remanejado para la BNPHU / 2018 VM
956 ## - LOCAL ELECTRONIC LOCATION AND ACCESS (OCLC)
Nombre de host VMATEO
Número de acceso 10
Información de compresión 20150728
Inicio de sesión BPMSU
Procesador de solicitud 00151
956 ## - LOCAL ELECTRONIC LOCATION AND ACCESS (OCLC)
Nombre de host LOPEREZ
Número de acceso 10
Información de compresión 20160426
Inicio de sesión BPMSU
Procesador de solicitud 00041
Existencias
Withdrawn status Lost status Source of classification or shelving scheme Damaged status Not for loan Collection code Home library Current library Date acquired Source of acquisition Total Checkouts Barcode Date last seen Copy number Price effective from Koha item type
    Dewey Decimal Classification     Colección Escolar Biblioteca Pública Metropolitana Salomé Ureña Biblioteca Pública Metropolitana Salomé Ureña 07/28/2015 Donación   BPMSU15070389 07/28/2015 v. 0 07/28/2015 Libros
    Dewey Decimal Classification     Colección Infantil Dominicana Biblioteca Pública Metropolitana Salomé Ureña Biblioteca Pública Metropolitana Salomé Ureña 07/28/2015 Donación   BPMSU15070390 07/28/2015 v. 0, part. 1 07/28/2015 Libros